000
00279nam a22001337a 4500
008
181030b xxu||||| |||| 00| 0 eng d
020
_a
0316617491
041
_a
eng
080
_a
617
100
_a
6
101
_a
SHK
245
_a
Mastery of Surgery
_c
Nyhus
942
_2
udc
_c
BK
999
_c
51196
_d
51196